000 00534nam a2200169 i 4500
001 65511
003 ES-MaACL
005 20230906165401.0
007 t|
008 040114s1923 sp ||||1| spa d
100 1 _aFrías, Lesmes.
_952585
245 1 0 _aHistoria de la Compañía de Jesús en su asitencia moderna de España
_b: (1815-1835) /
_cpor Lesmes Frías.
260 _aMadrid :
_bRazón y Fé,
_c1923 (
_fVda. de López del Horno)
300 _aCXIII, 780 p. ;
_c25 cm.
500 _aEs el t. 1.
852 _aES-MaACL
_jD-8723
999 _c65511
_d65511